| 000 | 00961nam a22003137a 4500 | ||
|---|---|---|---|
| 001 | 0000049 | ||
| 003 | KOHA_MİRAKIL | ||
| 005 | 20260207001157.0 | ||
| 007 | ta | ||
| 008 | 081212b1995 tu |||gr||||#||||0|tur | | ||
| 020 | _c26,69 | ||
| 040 |
_aTR-BiSEU _btur _cTR-BiSEU _erda |
||
| 041 | 0 | _atur | |
| 044 | _ctu | ||
| 050 |
_aRB112.5 _b.B57 1995 |
||
| 245 | 1 | _aPratik biokimya kitabı. | |
| 264 | 1 |
_aİstanbul : _bİstanbul Üniversitesi _c1995 |
|
| 300 |
_aciltli ; _c24 cm. |
||
| 336 |
_ametin _btxt _2rdacontent |
||
| 337 |
_aaracısız _bn _2rdamedia |
||
| 338 |
_acilt _bnc _2rdacarrier |
||
| 490 | 1 |
_aÜniversite yayın ; _vno. |
|
| 490 | 1 |
_a3920 Cerrahpaşa Tıp Fakültesi yayın ; _vno.194 |
|
| 650 | 0 |
_aKlinik biyokimya--Laboratuvar el kitapları. _91624 |
|
| 650 | 0 |
_aBiyokimya--Laboratuvar el kitaplari. _91625 |
|
| 830 | 1 |
_aÜniversite yayın ; _vno. _91626 |
|
| 830 | 1 |
_a3920 Cerrahpaşa Tıp Fakültesi yayın ; _vno.194 _91627 |
|
| 942 |
_2lcc _cBK |
||
| 999 |
_c50 _d50 |
||